Wild Cat Species Quiz - Statistics

General Stats
  • This quiz has been taken 608 times
    597 since last reset
  • The average score is 9 of 14
Answer Stats
Hint Answer % Correct
A nocturnal American cat with many names, around the size of an average human Cougar
93%
Spotted cat with non-retractable claws and fast speed Cheetah
92%
Only true big cat to be found in the Americas, very large and can roar Jaguar
88%
Big cat with the widest range, notoriously elusive Leopard
85%
Roams Africa's plains, known for impressive 'hair' and being the only social big cat African Lion
81%
Subspecies found in Asia and North America, this cat is a national animal of Macedonia Eurasian Lynx
78%
One of the few cats to never attack a human being, lives at high altitude Snow Leopard
70%
Often called the 'dwarf leopard', this small cat is found in South America Ocelot
62%
Biggest of the big cats on Earth today, has many extinct 'cousins' Siberian Tiger
58%
Strong and slender spotted cat with large ears and long legs Serval
50%
Light brown cat with short tail and tufted ears, renowned jumping capabilities Caracal
49%
Despite its name, this cat is not actually closely related to [14]. It is the smallest 'big cat'. Clouded Leopard
42%
Found in the desert, this cat has sandy coloured fur and wide-set ears Sand Cat
37%
Central/South American cat with two distinct colour phases (red and grey) and are active during the day Jaguarundi
22%
No matching quizzes found
Score Distribution
Percent of People with Each Score
Percentile by Number Answered
Your Score History
You have not taken this quiz since the last reset